Využití modelových analýz v přípravě hospodářské politiky Nizozemska.

Úlohou CPB (holandský Ústredný plánovací úrad) je vypracúvať nezávislé hospodárske hodnotenia a prognózy, ktoré sa týkajú otázok politickej línie od vlády až po podniky a spoločenské organizácie, ako aj tvorba modelov a modelových analýz. Charakteristika používaného systému modelov a postupu spracov...

Descripción completa

Guardado en:
Detalles Bibliográficos
Autor principal: Don, F.J.H
Otros Autores: Berg, P.J.C.M
Formato: Capítulo de libro
Lenguaje:checo
Materias:
Etiquetas: Agregar Etiqueta
Sin Etiquetas, Sea el primero en etiquetar este registro!

MARC

LEADER 00000naa a2200000 4500
001 r009681
005 20220831090603.8
041 0 |a cze 
044 |a [CS] 
245 1 0 |a Využití modelových analýz v přípravě hospodářské politiky Nizozemska.  |c F.J.H. Don, P.J.C.M. Berg 
520 |a Úlohou CPB (holandský Ústredný plánovací úrad) je vypracúvať nezávislé hospodárske hodnotenia a prognózy, ktoré sa týkajú otázok politickej línie od vlády až po podniky a spoločenské organizácie, ako aj tvorba modelov a modelových analýz. Charakteristika používaného systému modelov a postupu spracovania modelových analýz. 
610 2 0 |a modely analytické ekonometrické 
610 2 0 |a politika hospodárska 
610 2 0 |a plánovanie hospodárske 
610 2 0 |a prognózy 
610 2 0 |a Holandsko 
610 2 0 |a vzťah politiky a ekonomiky 
610 2 0 |a modely ekonomické 
100 1 |a Don, F.J.H. 
700 1 |a Berg, P.J.C.M.